000
00271 a2200121 4500
001
194896
040
_c
Magnum
100
_a
Baleiro, Zeca
240
1
0
_a
A canção dos pássaros
_l
por
245
1
0
_a
A canção dos pássaros
697
_a
LITERATURA INFANTIL
942
_c
BK
999
_c
194896
_d
194896